000 00733nam a22002537a 4500
003 CHAP
005 20220329134412.0
008 971013s r 10010 d
010 _a19999
011 _a20971
035 _a25060
040 _cCHAP
082 _a665.3
_bA5 1981
111 0 0 _aAnnual Convention Canola Council of Canada. (
_n14
_d: 1981
_c: Vancouver)
_95950
245 _aProceedings
260 _a(s.l. :
_bs.e.),
_c(s.a.)
300 _apág. varía
590 _aBATCH-UPD
_b10
_c20130110
_lUCH01
_h2143
590 _aCONVERSION
_b10
_c20130109
_lUCH01
_h1312
650 1 4 _aAceite de colza.
_9430
901 _aBK
942 _cLIBRO
949 _a665.3 A5 1981
_bBC
_cLIBRO
_d33724000132346
_eLIBRO
_h57376
_i25060
_mD
_si
999 _c19999
_d19999